ՀՀ Գիտությունների ազգային ակադեմիայի հիմնարար գիտական գրադարան  =   Fundamental Scientific Library of NAS RA

Геокриологические условия Западно-Сибирской газоносной провинции / (Record no. 23396)

MARC details
000 -LEADER
fixed length control field 00977nam a2200241 a 4500
001 - CONTROL NUMBER
control field 000077000
003 - CONTROL NUMBER IDENTIFIER
control field AM-YEHGA
005 - DATE AND TIME OF LATEST TRANSACTION
control field 20250617121804.0
008 - FIXED-LENGTH DATA ELEMENTS--GENERAL INFORMATION
fixed length control field 030329s1983 ru || |||||||||||||rus|c
040 ## - CATALOGING SOURCE
Original cataloging agency AM-YeHGA
041 0# - LANGUAGE CODE
Language code of text/sound track or separate title rus
090 ## - LOCALLY ASSIGNED LC-TYPE CALL NUMBER (OCLC); LOCAL CALL NUMBER (RLIN)
-- 23677
245 00 - TITLE STATEMENT
Title Геокриологические условия Западно-Сибирской газоносной провинции /
Statement of responsibility, etc. Л.Н. Тагунова, Е.С. Мельников, М.И. Горальчук и др. ; Отв. ред. Е.С. Мельников.
260 ## - PUBLICATION, DISTRIBUTION, ETC.
Place of publication, distribution, etc. Новосибирск :
Name of publisher, distributor, etc. Наука. Сиб. отд-ние,
Date of publication, distribution, etc. 1983.
300 ## - PHYSICAL DESCRIPTION
Extent 199 с.
500 ## - GENERAL NOTE
General note Авт. указаны в огл.
504 ## - BIBLIOGRAPHY, ETC. NOTE
Bibliography, etc. note Библиогр.: с. 193-198
650 14 - SUBJECT ADDED ENTRY--TOPICAL TERM
Topical term or geographic name entry element Вечная мерзлота
700 1# - ADDED ENTRY--PERSONAL NAME
Personal name Тагунова, Лена Никифоровна
700 1# - ADDED ENTRY--PERSONAL NAME
Personal name Горальчук, М.И.
700 1# - ADDED ENTRY--PERSONAL NAME
Personal name Мельников, Е.С.
Relator term авт.
Relationship aut
Relator term ред.
Relationship edt
942 ## - ADDED ENTRY ELEMENTS (KOHA)
Source of classification or shelving scheme Universal Decimal Classification
Koha item type Գրքեր / Books
Holdings
Withdrawn status Lost status Damaged status Not for loan Collection Home library Current library Date acquired Total checkouts Full call number Barcode Date last seen Price effective from Koha item type Public note
        General Fundamental Scientific Library Fundamental Scientific Library 21/12/2016   PIII/51327 FL0400078 21/12/2016 21/12/2016 Գրքեր / Books 30 Days Loan


ՀՀ ԳԱԱ հիմնարար գիտական գրադարան
ՀՀ,Երևան 0019
Մարշալ Բաղրամյան 24/6
հեռախոս:(374-10) 52-47-50
Հետադարձ կապ

All site content, except where otherwise noted, is licensed under a
Creative Commons License